|
|
|
|
| LEADER |
01644nam a2200421 a 4500 |
| 001 |
37899 |
| 003 |
BD-DhAAL |
| 005 |
20231009101327.0 |
| 008 |
220314t2005 ii a b 000 1 eng |
| 010 |
|
|
|a 2005387694
|
| 020 |
|
|
|a 0143334948 (Cover)
|
| 020 |
|
|
|a 978014334941
|
| 025 |
|
|
|a I-E-2005-387694; 31
|
| 037 |
|
|
|b Library of Congress -- New Delhi Overseas Office
|c Rs175.00
|
| 040 |
|
|
|a DLC
|c DLC
|d DLC
|d BD-DhAAL
|
| 042 |
|
|
|a lcode
|
| 043 |
|
|
|a a-ii---
|
| 050 |
0 |
0 |
|a PN6222.I4
|b S27 2005
|
| 082 |
|
|
|a 823. 914
|2 22
|
| 100 |
1 |
|
|a Sarin, Amita
|9 46924
|
| 245 |
1 |
0 |
|a Akbar and Birbal /
|c Amita Sarin ; illustrated by Dipankar Bhattacharya.
|
| 260 |
|
|
|a New Delhi ;
|a New York, New York :
|b Penguin Books,
|c 2005.
|
| 300 |
|
|
|a xvi, 143 pages :
|b illustrations ;
|c 21 cm.
|
| 504 |
|
|
|a Includes bibliographical references (p. [142]-143).
|
| 541 |
|
|
|a Donated by Akbar Ali Khan
|e 37899
|
| 600 |
0 |
0 |
|a Akbar, Emperor of Hindustan,
|d 1542-1605
|v Anecdotes.
|9 46925
|
| 600 |
0 |
0 |
|a Birbal,
|d -1586
|v Anecdotes.
|9 46926
|
| 650 |
|
0 |
|a Indic wit and humor
|z India..
|9 46927
|
| 650 |
|
0 |
|a Children's stories, Indic (English)
|9 46928
|
| 650 |
|
0 |
|a English literature
|9 46938
|
| 651 |
|
0 |
|a Mogul Empire
|x Court and courtiers.
|9 46929
|
| 651 |
|
0 |
|a India
|x Mogul Empire
|9 46930
|
| 651 |
|
0 |
|a India
|x Fiction
|9 46937
|
| 700 |
1 |
|
|a Bhattacharya, Dipankar.
|9 46931
|
| 852 |
|
|
|a Ayesha Abed Library
|c Akbar Ali Khan Collection
|
| 942 |
|
|
|2 ddc
|c BK
|
| 999 |
|
|
|c 43768
|d 43768
|
| 952 |
|
|
|0 0
|1 0
|2 ddc
|4 0
|6 823_000000000000000__914_SAR
|7 1
|9 70128
|a BRACUL
|b BRACUL
|c AAKC
|d 2022-03-14
|e Donated by Akbar Ali Khan
|l 0
|o 823. 914 SAR
|p 3010037899
|r 2022-03-14
|t 1
|w 2022-03-14
|y BK
|